Miasta w Turcji - Nagła Śmierć - Statystyki

Ogólne statystyki
  • Ten quiz został rozwiązany 58 razy
    27 od ostatniego zresetowania
  • Średni wynik to 10 z 21
Answers on the Grid
Answers color-coded by a green-red scale on the quiz's grid according to % correct below.
Adana
Ankara
Antakya
Antalya
Astana
Aszchabad
Basra
Batman
Batumi
Bejrut
Békéscsaba
Beziers
Budapeszt
Bursa
Czorlu
Damietta
Daszoguz
Diyarbakir
Dubrownik
Duszanbe
Edirne
Erzurum
Gaziantep
Gelendżyk
Hajfa
Homs
Irbil
Isfahan
İskenderun
Izmir
Izmit
Kayseri
Konya
Limasol
Mersin
Mostar
Patras
Šabac
Saloniki
Samarkanda
Samsun
Stambuł
Sumgajt
Tatabánya
Tebriz
Timișoara
Trabzon
Turkmenbaszy
Wan
Warna
Warzazat
 
Statystyki odpowiedzi
Odpowiedź % Poprawnych
Ankara
100%
Antalya
100%
Edirne
57%
İskenderun
57%
Izmir
57%
Konya
57%
Stambuł
57%
Antakya
43%
Bursa
43%
Diyarbakir
43%
Erzurum
43%
Gaziantep
43%
Kayseri
43%
Mersin
43%
Trabzon
43%
Adana
29%
Izmit
29%
Samsun
29%
Wan
29%
Batman
14%
Czorlu
0%
Nie znaleziono quizów pasujących do podanych kryteriów
Rozkład punktacji
Procent ludzi z każdym wynikiem
Percentyl według liczby udzielonych odpowiedzi
Twoja historia wyników
Nie rozwiązałeś tego quizu od ostatniego zresetowania